Fundamentos de la Criminología.
| Main Author: | |
|---|---|
| Format: | Section = Libro |
| Language: | Undetermined Spanish |
| Published: |
URSS
Progreso
1985
|
| Subjects: |
| LEADER | 00411nam a2200169Ia 4500 | ||
|---|---|---|---|
| 008 | 240830s9999 xx 000 0 und d | ||
| 040 | |a B-ESTELÍ- RUACS / 364.08 A946 | ||
| 041 | |a spa | ||
| 082 | |a 364.08 A946 | ||
| 100 | 1 | |a Avanesov, G. | |
| 245 | 1 | 0 | |a Fundamentos de la Criminología. |
| 260 | |a URSS |b Progreso |c 1985 | ||
| 300 | |a 336 p. | ||
| 650 | 7 | |a CRIMINOLOGIA | |
| 942 | |c BK |2 ddc | ||
| 991 | |a TEXTO | ||
| 999 | |c 10817 | ||